| 000 | 01256nmc a2200349 a 4500 | ||
|---|---|---|---|
| 003 | AR-BaBNM | ||
| 005 | 20251128210627.0 | ||
| 008 | 310020s2000 ||||||||||||||000 | spa|| | ||
| 020 | _a84-7432-727-X | ||
| 040 | _cAR-BaBNM | ||
| 100 | 1 | _aManning, Maryann | |
| 245 | 1 | 0 |
_aInmersión temática _bel currículo basado en la indagación para los primeros años y años intermedios de la escuela elemental |
| 250 | _a1ª ed. | ||
| 260 |
_aBarcelona _bGedisa _c2000 |
||
| 300 |
_a207 p. _bgráfs., il., tablas |
||
| 490 | 0 |
_aBiblioteca de educación. Didáctica general _vv. 6 |
|
| 500 | _aContiene material didáctico, revistas para la investigación de los alumnos y sugerencias de trabajo para las inmersiones temáticas sobre la historia familiar y de la comunidad | ||
| 504 | _aContiene referencias bibliográficas | ||
| 650 | 4 | _aCURRICULO | |
| 650 | 4 | _aMETODOS DE ENSENANZA | |
| 650 | 4 | _aINVESTIGACION EN LA CLASE | |
| 650 | 4 | _aROL DEL DOCENTE | |
| 650 | 4 | _aPARTICIPACION DEL ALUMNO | |
| 653 | _aEDUCACION PRIMARIA | ||
| 653 | _aEXPERIENCIAS EDUCATIVAS | ||
| 653 | _aPROYECTOS DE AULA | ||
| 700 | 1 | _aManning, Gary | |
| 700 | 1 | _aLong, Roberta | |
| 800 | 1 |
_aCamilloni, Alicia R.W. de _edirector |
|
| 942 | _cBK | ||
| 998 | _cRAQUEL | ||
| 999 |
_c16236 _d16236 |
||